Video Games by Year: 2017 - Statistics

General Stats
  • This quiz has been taken 176 times
  • The average score is 8 of 16
Answer Stats
Picture Answer % Correct
Fortnite
98%
Cuphead
91%
The Legend of Zelda: Breath of the Wild
91%
Crash Bandicoot N. Sane Trilogy
87%
Nier: Automata
58%
Playerunknown's Battlegrounds
57%
Resident Evil 7: Biohazard
53%
For Honor
41%
The Evil Within 2
39%
Dragon Quest XI: Echoes of an Elusive Age
29%
Hellblade: Senua's Sacrifice
28%
Mass Effect: Andromeda
26%
Outlast 2
24%
Darkwood
11%
Night in the Woods
11%
Prey
9%
No matching quizzes found
Score Distribution
Percent of People with Each Score
Percentile by Number Answered
Your Score History
You have not taken this quiz